Every 100,000+ City in Serbia & Montenegro in Order - Statistics

General Stats
  • This quiz has been taken 46 times
  • The average score is 5 of 5
Answer Stats
Letter Population City % Correct
B 1,482,395 Belgrade
100%
N-S 331,546 Novi Sad
100%
N 253,192 Niš
95%
P 181,268 Podgorica
95%
K 149,703 Kragujevac
71%
No matching quizzes found
Score Distribution
Percent of People with Each Score
Percentile by Number Answered
Your Score History
You have not taken this quiz